[Event "THA-chT"]
[Site "Bangkok"]
[Date "2015.12.06"]
[Round "5.1"]
[White "Habla, Jony"]
[Black "Castellano, Christopher"]
[Result "0-1"]
[WhiteElo "2214"]
[BlackElo "2241"]
[PlyCount "244"]
[EventDate "2015.12.04"]
[EventType "team-swiss"]
[EventRounds "9"]
[EventCountry "THA"]
[SourceTitle "CBM 170 Extra"]
[Source "ChessBase"]
[SourceDate "2016.02.25"]
[SourceVersion "1"]
[SourceVersionDate "2016.02.25"]
[SourceQuality "1"]
[WhiteTeam "BCC Gainsfield"]
[BlackTeam "Chonburi JCA II"]
[WhiteTeamCountry "THA"]
[BlackTeamCountry "THA"]

1. d4 Nf6 2. Nf3 c5 3. e3 e6 4. Bd3 Qc7 5. c3 b6 6. Nbd2 Bb7 7. Qe2 d6 8. a4 a6 9. 0-0 Be7 10. Rd1 Nc6 11. e4 cxd4 12. Nxd4 0-0 13. Nf1 Rfe8 14. Nxc6 Qxc6 15. Ng3 Bf8 16. Be3 Nd7 17. a5 bxa5 18. Rxa5 Ne5 19. Bc2 Nc4 20. Ba4 Qc7 21. Rg5 Nxe3 22. Qxe3 Bc6 23. Bxc6 Qxc6 24. Nh5 Kh8 25. Qg3 Qxe4 26. Rxg7 Be7 27. Rxf7 Rg8 28. Qh3 Rae8 29. Qf3 Qg6 30. Ng3 Rgf8 31. Rxf8+ Bxf8 32. h4 d5 33. Qe2 Bg7 34. h5 Qg5 35. Ra1 Be5 36. Nf1 d4 37. cxd4 Bxd4 38. Qd2 Qd5 39. Ne3 Qe4 40. Rxa6 Rg8 41. Rxe6 Qf4 42. h6 Bf6 43. Qd6 Qxd6 44. Rxd6 Bxb2 45. g3 Ba3 46. Rc6 Rg6 47. Rc8+ Rg8 48. Rc7 Bf8 49. Rc6 Rg6 50. Rc8 Kg8 51. Nf5 Rg4 52. Ng7 Rg6 53. Nf5 Rg4 54. Ne3 Rg6 55. Nf5 Rg5 56. Nd4 Rg6 57. Nf3 Rxh6 58. Rc7 Bd6 59. Rd7 Rf6 60. Kg2 Bc5 61. Rc7 Bb6 62. Rb7 Bc5 63. Rb5 Bb6 64. Rb2 h6 65. Nh2 Rc6 66. Ng4 Kh7 67. Rb5 Re6 68. f4 Rd6 69. Ne5 Bd8 70. Rb7+ Kg8 71. Kf3 Bf6 72. Ng4 Bg7 73. Ne3 Rf6 74. Kg4 Rf7 75. Rb8+ Rf8 76. Rb7 Rf7 77. Rb5 Rf6 78. Nf5 Bf8 79. Kh5 Ra6 80. Rb7 Ra5 81. Kg6 Ra6+ 82. Kh5 Ra5 83. Kg4 Ra6 84. Rd7 Rb6 85. Kh5 Rb5 86. g4 Ra5 87. Rc7 Rb5 88. Kh4 Rb4 89. Kg3 Rb3+ 90. Kf2 Ra3 91. Kg2 Rb3 92. Rd7 Ra3 93. Ng3 Ra2+ 94. Kh3 Ra3 95. Kh4 Re3 96. g5 hxg5+ 97. fxg5 Re5 98. Kg4 Re7 99. Rd8 Ra7 100. Nf5 Kf7 101. Kh5 Bg7 102. Rd1 Bb2 103. Rb1 Ba1 104. g6+ Ke8 105. Rb8+ Kd7 106. Rf8 Ra2 107. Nh4 Ra4 108. Rf1 Ke7 109. Nf5+ Ke6 110. Kh6 Ra2 111. Ng7+ Ke7 112. Rf7+ Kd6 113. Nh5 Ra8 114. Rf1 Ke6 115. Re1+ Kf5 116. Ng7+ Kg4 117. Ne8 Bc3 118. Re2 Kf3 119. Re6 Ra7 120. Nf6 Bd2+ 121. Kh5 Ra5+ 122. Kh4 Ra1 0-1

[Event "THA-chT"]
[Site "Bangkok"]
[Date "2015.12.05"]
[Round "3.2"]
[White "Castellano, Christopher"]
[Black "Kongsee, Uaychai"]
[Result "1-0"]
[WhiteElo "2241"]
[BlackElo "2258"]
[PlyCount "67"]
[EventDate "2015.12.04"]
[EventType "team-swiss"]
[EventRounds "9"]
[EventCountry "THA"]
[SourceTitle "EXT 2017"]
[Source "ChessBase"]
[SourceDate "2016.10.25"]
[SourceVersion "1"]
[SourceVersionDate "2016.10.25"]
[SourceQuality "1"]
[WhiteTeam "Chonburi JCA II"]
[BlackTeam "Khuntongkum"]
[WhiteTeamCountry "THA"]
[BlackTeamCountry "THA"]

1. e4 c5 2. Nf3 d6 3. d4 cxd4 4. Nxd4 Nf6 5. Nc3 a6 6. Bc4 e6 7. Bb3 Be7 8. Bg5 0-0 9. f4 Nbd7 10. Qf3 Nc5 11. 0-0-0 Qc7 12. g4 b5 13. Bxf6 Bxf6 14. g5 Be7 15. a3 Bd7 16. h4 Nxb3+ 17. Nxb3 a5 18. f5 b4 19. f6 bxc3 20. fxe7 cxb2+ 21. Kxb2 Rfc8 22. Rh2 Ba4 23. g6 fxg6 24. h5 Qxe7 25. hxg6 h6 26. Rd5 Rf8 27. Qg3 Rab8 28. Rdd2 Qb7 29. Kb1 Be8 30. Rd4 Qe7 31. a4 Rb4 32. Qg4 Bxa4 33. Qxe6+ Kh8 34. Qf5 1-0

[Event "Manila PSC Cup"]
[Site "Manila"]
[Date "2013.01.19"]
[Round "8"]
[White "Castellano, Christopher"]
[Black "Ganzon, Rommel"]
[Result "1-0"]
[WhiteElo "2258"]
[BlackElo "2403"]
[PlyCount "109"]
[EventDate "2013.01.14"]
[EventType "swiss"]
[EventRounds "9"]
[EventCountry "PHI"]
[SourceTitle "CBM 152 Extra"]
[Source "ChessBase"]
[SourceDate "2013.02.25"]
[SourceVersion "1"]
[SourceVersionDate "2013.02.25"]
[SourceQuality "1"]

1. d4 Nf6 2. Nf3 g6 3. c4 Bg7 4. g3 0-0 5. Bg2 d6 6. 0-0 c6 7. Nc3 Qa5 8. d5 Qa6 9. Nd2 Nbd7 10. Rb1 cxd5 11. cxd5 Ng4 12. h3 Nge5 13. Nde4 b5 14. a3 Nc4 15. Na2 Bb7 16. Nb4 Qa5 17. Nc2 Rac8 18. b3 Ncb6 19. Nb4 Na8 20. Qd3 Nc7 21. Rd1 Na6 22. Nxa6 Qxa6 23. Qe3 Rc2 24. b4 Nb6 25. Ng5 Bf6 26. Be4 Nc4 27. Qf4 Rxe2 28. Nxh7 Be5 29. Qf3 Rxe4 30. Nxf8 Qa4 31. Bg5 Qc2 32. Rbc1 Qe2 33. Qxe2 Rxe2 34. Kf1 Re4 35. Nd7 Bb2 36. Rb1 Bc8 37. f3 Rd4 38. Nb8 Rxd1+ 39. Rxd1 Bxa3 40. Nc6 Bxh3+ 41. Ke2 Bd7 42. Bxe7 Kg7 43. Ra1 a6 44. Bxd6 a5 45. Bc5 a4 46. Bd4+ f6 47. g4 g5 48. Bc3 Kf7 49. Kd3 Bxc6 50. dxc6 Ke6 51. Kd4 Kd6 52. c7 Kxc7 53. Kc5 Bb2 54. Bxb2 Nxb2 55. Kxb5 1-0